000
00259nam a22001097a 4500
008
180730b xxu||||| |||| 00| 0 eng d
082
_a
813.52
245
_a
Practice-based learning and improvement
_c
GME
260
_c
2005
300
_a
1
_f
CD
942
_2
ddc
_c
MX
999
_c
46665
_d
46665